000
00295nam a22001337a 4500
008
170630b xxu||||| |||| 00| 0 eng d
020
_a
9780072825770
041
_a
eng
080
_a
82
100
_a
22
101
_a
GJL
245
_a
READINGS IN SOCIAL THEORY
_c
FARGANIS, J
942
_2
udc
_c
BK
999
_c
19679
_d
19679